| 000 | 01177nam0a2200385 4500 | ||
|---|---|---|---|
| 001 | RU\NLR\bibl\223530 | ||
| 005 | 20250619104832.0 | ||
| 010 |
_a5-7868-0001-6 _920000 |
||
| 021 |
_aRU _b2001-38582 _91829 |
||
| 035 | _a(NLR Aleph) 000219568 | ||
| 090 |
_a1275966 _c1275966 |
||
| 100 | _a20020108d2001 |||y0rusy50 ca | ||
| 101 | 0 | _arus | |
| 102 | _aRU | ||
| 105 | _ay ||||||||| | ||
| 200 | 1 |
_aАзы православия _f[К. Слепинин] |
|
| 205 | _a2-е изд., перераб. и доп. | ||
| 210 |
_aСПб. _cСатисъ _d2001 |
||
| 215 |
_a85, [1] с. _d21 |
||
| 300 | _aАвт. указан перед вып. дан. | ||
| 606 | 0 |
_aПравославие _91149727 _3RU\NLR\auth\66140500 |
|
| 606 | 0 | _aПравославие | |
| 675 |
_a281.93 _v3 _zrus |
||
| 686 |
_a21.15 _2rugasnti |
||
| 686 |
_a86.372 _2rubbk |
||
| 686 | _aЭ372.24,0 | ||
| 700 | 1 |
_aСлепинин _bК. _gКонстантин _4070 |
|
| 801 | 0 |
_aRU _bRKP _c20020108 _gPSBO |
|
| 801 | 1 |
_aRU _bRKP _c20020108 |
|
| 801 | 2 |
_aRU _bNLR _c20020320 _grcr |
|
| 942 | _cBOOK | ||
| 980 | _aNB | ||